<?xml version="1.0" encoding="UTF-8"?>
<record
    xmlns:xsi="http://www.w3.org/2001/XMLSchema-instance"
    xsi:schemaLocation="http://www.loc.gov/MARC21/slim http://www.loc.gov/standards/marcxml/schema/MARC21slim.xsd"
    xmlns="http://www.loc.gov/MARC21/slim">

  <leader>01026nam a2200205 a 4500</leader>
  <controlfield tag="008">161215t2011    spa |||g  ||| 001 1 spa d</controlfield>
  <datafield tag="020" ind1=" " ind2=" ">
    <subfield code="a">9789500110341</subfield>
  </datafield>
  <datafield tag="041" ind1=" " ind2=" ">
    <subfield code="a">spa</subfield>
  </datafield>
  <datafield tag="092" ind1=" " ind2=" ">
    <subfield code="c">808.83</subfield>
    <subfield code="l">13</subfield>
    <subfield code="s">CON</subfield>
  </datafield>
  <datafield tag="100" ind1="1" ind2=" ">
    <subfield code="a">Conan Doyle, Arthur</subfield>
    <subfield code="9">3102</subfield>
  </datafield>
  <datafield tag="245" ind1=" " ind2="3">
    <subfield code="a">El sabueso de los Baskerville /</subfield>
    <subfield code="c">Arthur Conan Doyle</subfield>
  </datafield>
  <datafield tag="250" ind1=" " ind2=" ">
    <subfield code="a">1a ed. 4a. reimp.</subfield>
    <subfield code="b">Traducci&#xF3;n C&#xE9;sar Aira</subfield>
  </datafield>
  <datafield tag="260" ind1=" " ind2=" ">
    <subfield code="a">Buenos Aires:</subfield>
    <subfield code="b">Estrada;</subfield>
    <subfield code="c">2011.</subfield>
  </datafield>
  <datafield tag="300" ind1=" " ind2=" ">
    <subfield code="a">200 p.</subfield>
    <subfield code="c">19x14 cm.</subfield>
  </datafield>
  <datafield tag="500" ind1=" " ind2=" ">
    <subfield code="a">Conan Doyle, A. (2011). El sabueso de los Baskerville. (1a ed.). Buenos Aires : Estrada.</subfield>
  </datafield>
  <datafield tag="505" ind1=" " ind2=" ">
    <subfield code="a">Esta atrapante aventura de Sherlock Holmes ya se ha convertido en un cl&#xE1;sico del g&#xE9;nero policial. Escenarios desolados, personajes envueltos por el misterio, el peso de la maldici&#xF3;n y los aterradores ladridos que se escuchan en la noche...son algunos de los condimentos que se agregan a esta historia de enigma electrizante. </subfield>
  </datafield>
  <datafield tag="590" ind1=" " ind2=" ">
    <subfield code="a">Donaci&#xF3;n Marcela Debener. Proyecto 4to libro</subfield>
  </datafield>
  <datafield tag="655" ind1=" " ind2=" ">
    <subfield code="a">Aventura, misterio, suspenso</subfield>
    <subfield code="9">3103</subfield>
  </datafield>
  <datafield tag="942" ind1=" " ind2=" ">
    <subfield code="2">ddc</subfield>
    <subfield code="c">LIT</subfield>
  </datafield>
  <datafield tag="999" ind1=" " ind2=" ">
    <subfield code="c">2284</subfield>
    <subfield code="d">2284</subfield>
  </datafield>
  <datafield tag="952" ind1=" " ind2=" ">
    <subfield code="0">0</subfield>
    <subfield code="1">0</subfield>
    <subfield code="2">ddc</subfield>
    <subfield code="4">0</subfield>
    <subfield code="7">0</subfield>
    <subfield code="8">FIC</subfield>
    <subfield code="a">BFM</subfield>
    <subfield code="b">BFM</subfield>
    <subfield code="c">CR</subfield>
    <subfield code="d">2017-02-17</subfield>
    <subfield code="e">Donaci&#xF3;n Marcela Debener, 2016</subfield>
    <subfield code="l">9</subfield>
    <subfield code="m">5</subfield>
    <subfield code="o">808.83</subfield>
    <subfield code="p">3744</subfield>
    <subfield code="r">2024-03-19</subfield>
    <subfield code="s">2024-02-26</subfield>
    <subfield code="t">Ej. 1</subfield>
    <subfield code="w">2017-02-17</subfield>
    <subfield code="y">LIT</subfield>
    <subfield code="z">Proyecto 4to libro. Donaci&#xF3;n Debener, Marcela</subfield>
  </datafield>
</record>
